Algunos datos sobre la epidemia de cólera ocurrida en octubre de 1855 en el manicomio de San Baudilio de Llobregat : (Record no. 28997)

MARC details
000 -LEADER
campo de control de longitud fija 00929nam a2200205 i 4500
001 - NÚMERO DE CONTROL
campo de control 28997
003 - IDENTIFICADOR DE NÚMERO DE CONTROL
campo de control ES-MaACL
005 - FECHA Y HORA DE LA ÚLTIMA TRANSACCIÓN
campo de control 20230906153950.0
007 - CAMPO FIJO DE DESCRIPCIÓN FÍSICA--INFORMACIÓN GENERAL
campo de control de longitud fija t|
008 - DATOS DE LONGITUD FIJA--INFORMACIÓN GENERAL
campo de control de longitud fija 030120s1889 sp |||| | spa d
100 1# - ENTRADA PRINCIPAL--NOMBRE DE PERSONA
Nombre de persona Balaguer y Oromi, José.
9 (RLIN) 24811
245 10 - MENCIÓN DEL TÍTULO
Título Algunos datos sobre la epidemia de cólera ocurrida en octubre de 1855 en el manicomio de San Baudilio de Llobregat :
Resto del título causas inherentes al mismo, que acrecentaron su desarrollo, y medidas adoptadas para combatirlas y atajar la epidemia /
Mención de responsabilidad, etc. por el Dr. D. José Balaguer y Oromí.
260 ## - PUBLICACIÓN, DISTRIBUCIÓN, ETC.
Lugar de publicación, distribución, etc. Barcelona :
Nombre del editor, distribuidor, etc. [s.n.],
Fecha de publicación, distribución, etc. 1889 (
Fabricante Imp. de Jaime Jepús)
300 ## - DESCRIPCIÓN FÍSICA
Extensión 96 p. ;
Dimensiones 26 cm.
530 ## - NOTA DISPONIBLE DE FORMULARIO FÍSICO ADICIONAL
Nota de formato físico adicional disponible Disponible en formato digital.
650 #4 - PUNTO DE ACCESO ADICIONAL DE MATERIA--TÉRMINO DE MATERIA
Término de materia o nombre geográfico como elemento de entrada Cólera-
Subdivisión geográfica Sant Boi de Llobregat.
9 (RLIN) 158734
650 04 - PUNTO DE ACCESO ADICIONAL DE MATERIA--TÉRMINO DE MATERIA
Término de materia o nombre geográfico como elemento de entrada Hospitales psiquiátricos.
9 (RLIN) 13485
852 ## - LOCALIZACIÓN
Ubicación ES-MaACL
Número de control de estantería T-523-F-3
856 ## - LOCALIZACIÓN Y ACCESO ELECTRÓNICOS
Identificador Uniforme de Recursos <a href="http://bdh-rd.bne.es/viewer.vm?id=0000056186&page=1 ">http://bdh-rd.bne.es/viewer.vm?id=0000056186&page=1 </a>
Nota pública Biblioteca Digital Hispánica
Holdings
Estatus retirado Estado de pérdida Estado de daño No para préstamo Colección Biblioteca de origen Biblioteca actual Ubicación en estantería Fecha de adquisición Fuente de adquisición Total de préstamos Signatura topográfica completa Código de barras Visto por última vez Precio de reemplazo Tipo de ítem Koha
        Colección de folletos Biblioteca del Ateneo de Madrid Biblioteca del Ateneo de Madrid Depósito folletos 17/01/2008     T-523-F-3 1029937 23/02/2023 23/02/2023 Folleto